[Event "Terrassa op-B"]
[Site "Terrassa"]
[Date "1996.??.??"]
[Round "3"]
[White "Perez Almazan, M."]
[Black "Roca Llop, Ramon"]
[Result "0-1"]
[WhiteElo "1820"]
[BlackElo "1945"]
[PlyCount "84"]
[EventDate "1996.07.??"]
[EventType "swiss"]
[EventRounds "9"]
[EventCountry "ESP"]
[SourceTitle "EXT 2002"]
[Source "ChessBase"]
[SourceDate "2001.11.25"]
[SourceVersion "1"]
[SourceVersionDate "2001.11.25"]
[SourceQuality "1"]

1. e4 c5 2. Nf3 Nc6 3. d4 cxd4 4. Nxd4 e5 5. Nf3 Nf6 6. Bg5 Qb6 7. Bxf6 gxf6 8. b3 d6 9. Nh4 Be6 10. Be2 0-0-0 11. c4 Nd4 12. 0-0 Rg8 13. Nc3 f5 14. exf5 Nxf5 15. Nxf5 Bxf5 16. Nd5 Qc6 17. Re1 Kb8 18. Bf3 Qc8 19. Bh5 Qe6 20. Re2 Bg4 21. Bxg4 Rxg4 22. Rxe5 dxe5 23. Qf3 f5 24. Ne3 Rgd4 25. Nd5 Bh6 26. a4 R8xd5 27. cxd5 Qxd5 28. Qh5 Qe6 29. Rb1 Qg6 30. Qe2 Qd6 31. Qh5 Qg6 32. Qe2 Qg7 33. Qb5 a6 34. Qe8+ Ka7 35. b4 Qd7 36. Qh5 Bf8 37. b5 a5 38. b6+ Kb8 39. Qf3 e4 40. Qb3 Rb4 41. Qg3+ Qd6 42. Qxd6+ Bxd6 0-1